000 00870nac a22002891i 4500
003 EG-ScBUE
005 20250126113022.0
008 100907r19961990enka f 001 0 eng d
020 _a0521567017 (pbk)
020 _a9780521567015
040 _aEG-ScBUE
_beng
_erda
_cEG-ScBUE
_dEG-ScBUE
082 0 4 _a530
_bGIB
_222
100 1 _aGibbs, Keith,
_eauthor.
_918633
245 1 0 _aAdvanced physics /
_cKeith Gibbs.
250 _aSecond edition.
250 _aReprint edition.
264 1 _aCambridge :
_bCambridge University Press,
_c1996.
300 _a493 pages :
_billustrations ;
_c28 cm
336 _2rdacontent
_atext
_btxt
337 _aunmediated
_2rdamedia
_bn
338 _avolume
_bnc
_2rdacarrier
500 _aPrevious ed.: 1988.
500 _aIncludes index.
650 7 _aPhysics.
_2BUEsh
_918635
655 _vReading book
942 _cBB
_2ddc
999 _c1391
_d1391